From Pentecost to Patmos. (Record no. 5175)

000 -LEADER
fixed length control field 00577nam a2200181 a 4500
001 - CONTROL NUMBER
control field :::00002916$&:&@@
003 - CONTROL NUMBER IDENTIFIER
control field OkBaRHE
005 - DATE AND TIME OF LATEST TRANSACTION
control field 20000607103258.0
008 - FIXED-LENGTH DATA ELEMENTS--GENERAL INFORMATION
fixed length control field s1934 j 000 0 eng u
040 ## - CATALOGING SOURCE
Transcribing agency
100 1# - MAIN ENTRY--PERSONAL NAME
Personal name Moore, Hight C.
245 10 - TITLE STATEMENT
Title From Pentecost to Patmos.
260 ## - PUBLICATION, DISTRIBUTION, ETC. (IMPRINT)
Place of publication, distribution, etc Nashville, TN., :
Name of publisher, distributor, etc The Sunday School Board of the Southern Baptist Convention
Date of publication, distribution, etc c1934
300 ## - PHYSICAL DESCRIPTION
Extent 132 p. ;
Dimensions 19 cm.
650 ## - SUBJECT ADDED ENTRY--TOPICAL TERM
Topical term or geographic name as entry element Paul, Saint, apostle
942 ## - ADDED ENTRY ELEMENTS (KOHA)
Source of classification or shelving scheme
Koha item type Books
Copies
Koha item type Source of classification or shelving scheme Lost status Barcode Withdrawn status Shelving location Damaged status Copy number Date acquired Not for loan Date last seen Permanent Location Full call number Price effective from
Books  2916 General Stacks 12010-04-14 2018-03-16RHEMA Bible Training CollegeBS 2505 .M6F72010-04-14